00519nam a22001697a 4500003000400000008004100004082001800045100001800063245012600081260006800207300000900275502001700284650001700301650000900318650001100327650001100338OSt260430b |||||||| |||| 00| 0 eng d a635.648bS15R aSanjeev Kumar aResponse of Hybrid Okra (Abelmoschus esculentus (l.) Moench) to Levels of Nitrogen and Crop Geometry / cby Sanjeev Kumar a.- Sabour, Bhagalpurb: Bihar Agricultural College, RAUc, 2007 a58p. bPh. D.d2007 aHorticulture aOkra aThesis aPh. D.